Pays ayant les plus longues côtes d'Amerique - Statistiques

Statistiques générales
  • Ce quiz a été pris 15 482 fois
  • Le résultat moyen est 9 sur 10
Statistiques - réponses
km pays % Correct
137 000 Canada
100%
67 100 Etats-Unis
99%
18 700 Brésil
98%
31 300 Chili
98%
15 600 Mexique
97%
5 910 Argentine
95%
3 560 Colombie
87%
5 480 Venezuela
83%
5 750 Cuba
78%
3 780 Bahamas
39%
Aucun quiz correspondant
Distribution des résultats
% des personnes avec chaque résultat
Percentile par nombre de réponses
Votre historique - résultats
Vous n’avez pas pris ce quiz